Πολιτεία και δικαιοσύνη : και άλλοι διάλογοι

Αποθηκεύτηκε σε:
Λεπτομέρειες βιβλιογραφικής εγγραφής
Κύριος συγγραφέας: Παπανούτσος, Ευάγγελος Π., 1900-1982
Μορφή: Βιβλίο
Γλώσσα:Greek
Δημοσίευση: Αθήνα : Φιλιππότη, 1989
Έκδοση:3η έκδ.
Σειρά:Σύγχρονος προβληματισμός (Φιλιππότης) ; 7
Θέματα:
Ετικέτες: Προσθήκη ετικέτας
Δεν υπάρχουν, Καταχωρήστε ετικέτα πρώτοι!

MARC

LEADER 00000nam a2200000 i 4500
001 1/14258
008 980428s1989 gre d
035 |l 10019355 
040 |a GR-MY-UA  |b gre  |e aacr 
041 0 |a gre 
082 0 |a 199.495 
100 1 |a Παπανούτσος, Ευάγγελος Π.,   |d 1900-1982. 
245 1 0 |a Πολιτεία και δικαιοσύνη :  |b και άλλοι διάλογοι /  |c Ε. Π. Παπανούτσου 
250 |a 3η έκδ. 
260 |a Αθήνα :   |b Φιλιππότη,   |c 1989 
300 |a 231 σ. 
490 1 |a Σύγχρονος προβληματισμός  |v ; 7 
650 0 0 |a Philosophy, Modern. 
830 0 |a Σύγχρονος προβληματισμός (Φιλιππότης)  |v ; 7 
852 |a INST  |b LESVOS  |e 19980428  |h 199.495 ΠΑΠ  |p 005100014176  |q 005100014176  |t BK  |y 0 
901 |a BIBL-1998-2 
909 |a Λ  |b 055233 
922 |a 1ΕΛΗ  |b 199803  |c ΚΠΣ/ΤΚ  |d EMVASIS 
950 |a 103-1998-02-16